|
|
|
|
| LEADER |
00000nam a2200000 a 4500 |
| 001 |
UCJ9890 |
| 003 |
CL-VaPUC |
| 008 |
070413e19840000SP |||||||||||||||||spa|d |
| 020 |
|
|
|a 8486153220
|
| 082 |
0 |
4 |
|a 025
|b GUT
|2 21
|
| 100 |
0 |
|
|a García Gutiérrez, Antonio Luis
|e author
|9 519944
|
| 245 |
1 |
0 |
|a Lingüística documental: aplicación a la documentación de comunicación social
|
| 300 |
|
|
|a 279 p
|
| 942 |
|
|
|c BK
|
| 945 |
|
|
|d 20070413 00:00:00
|a jtorresc
|
| 260 |
|
|
|a Barcelona
|b Mitre
|c 1984
|
| 500 |
|
|
|a Donación del Dr. Luis Gómez Macker
|
| 650 |
|
7 |
|a DOCUMENTACION
|2 CL-VaPUC
|9 256928
|
| 650 |
|
0 |
|a Información
|9 256927
|
| 583 |
|
|
|a last modification
|c 20070413 00:00:00
|k Rodrigo Vera
|
| 999 |
|
|
|c 325233
|d 325231
|
| 952 |
|
|
|0 0
|1 0
|4 0
|6 025_000000000000000_GUT_1984
|7 0
|8 A
|9 405867
|a FDOPOS
|b FDOPOS
|d 2019-11-22
|i 4271440
|o 025 GUT 1984
|p 4271440
|r 2025-01-22
|w 2019-11-22
|y BK
|k MLA
|